000 01328nam0a2200313 4500
001 RU\NLR\b_ik\142597
005 20250616225818.0
010 _a5-7487-0285-1
_9200
035 _a(NLR Aleph) 002215777
090 _a3230888
_c3230888
100 _a20060220d2005 |||y0rusy50 ca
101 0 _aeng
_deng
_eeng
102 _aRU
105 _aa |||||||||
200 1 _aOtorhinolaryngology selected problems
_dИзбранные вопросы оториноларингологии
_etextbook for medical students
_fN.A. Konoplya
_gKursk state med. univ., Dep. of otorhinolaryngology
_zrus
210 _aKursk
_cKSMU
_d2005
215 _a245 с.
_cил.
_d21
300 _aНа парал. тит. л. авт.: Н.А. Конопля
300 _aРез. на рус. яз.
510 0 _6z45790
_aИзбранные вопросы оториноларингологии
_zrus
606 1 _aОториноларингология
_jУчебные издания для высших учебных заведений
_9942096
_3RU\NLR\AUTH\6630093
686 4 _aР68я73
700 1 _4070
_7ba
_8rus
_aKonoplja
_bN. A.
_gNikolaj Aleksandrovič
_9200628
_3RU\NLR\AUTH\770200679
790 1 _6z45510
_aКонопля
_bН. А.
_4070
801 0 _aRU
_bNLR
_c20060220
_gPSBO
942 _cBOOK
980 _aNB